| 000 | 00930 a2200289 4500 | ||
|---|---|---|---|
| 999 |
_c200421576 _d12542 |
||
| 001 | 200421576 | ||
| 003 | TR-AnTOB | ||
| 005 | 20230606001025.0 | ||
| 008 | 150316e2013 tu 000 1 | ||
| 020 | _a9756461209 | ||
| 040 |
_aTR-AnTOB _beng _erda _cTR-AnTOB |
||
| 041 | _atur | ||
| 050 | 0 |
_aDR592.K4 _bA83 2013 |
|
| 090 | _aDR592.K4 A83 2013 | ||
| 100 | 1 |
_aAtay, Falih Rıfkı, _d1893-1971 _9103755 |
|
| 245 | 1 | 0 |
_aMustafa Kemal’in ağzından Vahdettin / _cFalih Rıfkı Atay ; editör Muharrem Kaşıtoğlu. |
| 264 | 1 |
_aİstanbul : _bPozitif Yayınları, _c2013 |
|
| 300 |
_a130 pages ; _c21 cm. |
||
| 336 |
_atext _2rdacontent _btxt |
||
| 337 |
_aunmediated _2rdamedia _bn |
||
| 338 |
_avolume _2rdacarrier _bnc |
||
| 600 | 1 | 0 |
_aAtatürk, Mustafa Kemal _d1881-1938 _920781 |
| 651 | 0 |
_aTürkiye _xTarih _yKurtuluş Savaşı, 1918-1923 _910811 |
|
| 700 | 1 |
_aKaşıtoğlu, Muharrem _9104879 |
|
| 942 |
_cBK _2lcc |
||